000 01020nam a22003258a 4500
999 _c1617
_d1617
001 014926180
003 Uk
005 20230116110441.0
008 090305s2009 enk j 000 0 eng|d
015 _aGBA924969
_2bnb
016 7 _a014926180
_2Uk
020 _a9780340907399 (pbk.) :
020 _a0340907398 (pbk.) :
040 _aStDuBDS
_beng
_cStDuBDS
_dKH8
082 0 4 _a942.03 BAN
_222
100 1 _aBanham, Dale.
_eauthor
245 1 0 _aSHP history:
_bYear 9/
_cby Dale Banham and Ian Luff.
246 _aPupil's book
260 _aLondon :
_bHodderEducation,
_c2009.
263 _a200905
300 _avi, 234 p.
_bcol. ill :
_c28 cm.
336 _atext
_2rdacontent
337 _aunmediated
_2rdamedia
338 _avolume
_2rdacarrier
500 _aPrepublication Record
651 0 _aGreat Britain
_xHistory
_yMedieval period, 1066-1485
_vJuvenile literature.
651 0 _aGreat Britain
_xHistory
_yRoman period, 55 B.C.-449 A.D
_vJuvenile literature.
700 1 _aLuff, Ian.
_eauthor
942 _2ddc
_cTR